| 000 | 01461nam0a2200301 4500 | ||
|---|---|---|---|
| 001 | RU\NLR\bibl\69295 | ||
| 005 | 20260407092930.0 | ||
| 021 |
_aRU _b1998-15672 _9741 |
||
| 035 | _a(NLR Aleph) 000067598 | ||
| 090 |
_a371204 _c371204 |
||
| 100 | _a20000209d1998 |||y0rusy50 ca | ||
| 101 | 0 | _arus | |
| 102 | _aRU | ||
| 105 | _ay z ||||| | ||
| 200 | 1 |
_aФедеральное Собрание - парламент Российской Федерации. Государственная Дума _eСтеногр. заседаний _eБюл. № 167 (309), 8 апр. 1998 г. |
|
| 210 |
_aМ. _cГос. Дума _d1998 |
||
| 215 |
_a47 с. _d30 |
||
| 601 | 0 | 1 |
_aРоссийская Федерация _bФедеральное Собрание _bГосударственная Дума _jСтенографические отчеты _xЗаседания _92540242 _3RU\NLR\auth\661503944 |
| 601 | 0 | 1 |
_aРоссийская Федерация _bГосударственная Дума _jСтенографические отчеты _xЗаседания _92537580 _3RU\NLR\auth\661502569 |
| 686 | _aХ620.611.32Р | ||
| 710 | 0 | 1 |
_aРоссийская Федерация _bГосударственная Дума _c1996-1999 _bЗаседание _f1998, апрель _3RU\NLR\AUTH\8810050906 _9602065 |
| 801 | 0 |
_aRU _bNLR _c20000209 _gPSBO |
|
| 801 | 1 |
_aRU _bNLR _c20000209 |
|
| 852 |
_aNLR _j99-8/2456 |
||
| 942 | _cBOOK | ||
| 980 | _aNB | ||